Online
Catalog

Índice de la legislación militar dominicana, 1844-2013. / (Record no. 47975)

MARC details
000 -CABECERA
campo de control de longitud fija 00990nam a2200229 a 4500
001 - NÚMERO DE CONTROL
campo de control 000048487
005 - FECHA Y HORA DE LA ÚLTIMA TRANSACCIÓN
campo de control 20250220104609.0
008 - DATOS DE LONGITUD FIJA--INFORMACIÓN GENERAL
campo de control de longitud fija 190325s2014 dr r 000 spa d
020 ## - NÚMERO INTERNACIONAL ESTÁNDAR DEL LIBRO
Número Internacional Estándar del Libro 9993490962
040 ## - FUENTE DE LA CATALOGACIÓN
Centro catalogador/agencia de origen DO-SdBNP
Lengua de catalogación spa
Centro/agencia transcriptor BNPHU
082 ## - NÚMERO DE LA CLASIFICACIÓN DECIMAL DEWEY
Número de clasificación R -348.7293028
Número de documento/Ítem R426i
110 1# - ENTRADA PRINCIPAL--NOMBRE DE ENTIDAD CORPORATIVA
Nombre de entidad corporativa o nombre de jurisdicción como elemento de entrada República Dominicana.
Unidad subordinada Ministerio de Defensa.
9 (RLIN) 75436
245 #0 - MENCIÓN DE TÍTULO
Título Índice de la legislación militar dominicana, 1844-2013. /
Mención de responsabilidad, etc. Compilado y actualizado por Ana Marina Méndez Gómez, Miledys Marmolejos de Carvajal y Ana Nilda Pichardo de los Santos.
250 ## - MENCIÓN DE EDICIÓN
Mención de edición 2 da. ed., corregida y aumentada
260 ## - PUBLICACIÓN, DISTRIBUCIÓN, ETC.
Lugar de publicación, distribución, etc. Santo Domingo :
Nombre del editor, distribuidor, etc. Ministerio de Defensa,
Fecha de publicación, distribución, etc. 2014.
300 ## - DESCRIPCIÓN FÍSICA
Extensión 434 p. ;
Dimensiones 28 cm.
590 ## - NOTA LOCAL (RLIN)
Nota local Inventariado, 2019 / DG
650 #4 - PUNTO DE ACCESO ADICIONAL DE MATERIA--TÉRMINO DE MATERIA
Término de materia o nombre geográfico como elemento de entrada Derecho
Subdivisión geográfica República Dominicana
Subdivisión de forma ÍNDICES
9 (RLIN) 53754
700 ## - PUNTO DE ACCESO ADICIONAL--NOMBRE DE PERSONA
Nombre de persona Méndez Gómez, Ana Marina
Término indicativo de función/relación compilador
9 (RLIN) 75912
700 ## - PUNTO DE ACCESO ADICIONAL--NOMBRE DE PERSONA
Nombre de persona Marmolejos de Carvajal, Miledys
Término indicativo de función/relación compilador
9 (RLIN) 75913
740 0# - PUNTO DE ACCESO ADICIONAL--TÍTULO RELACIONADO O ANALÍTICO NO CONTROLADO
Título relacionado o analítico no controlado Ley orgánica de las Fuerzas Armadas de la República Dominicana.
Holdings
Estado de retiro Estado de pérdida No para préstamo Código de colección Localización permanente Ubicación/localización actual Ubicación en estantería Fecha de adquisición Número de inventario Total de préstamos Signatura topográfica completa Código de barras Fecha visto por última vez Precio válido a partir de Tipo de ítem Koha
    Excluido de préstamo Patrimonio Dominicano Patrimonio Dominicano Patrimonio Dominicano Depósito 25.03.2019 LF1   R -348.7293028 R426i 48487-10 25.06.2020 25.06.2020 Libro y Folleto Colección Patrimonio Dominicano

Powered by Koha